000 00758cam a22001457a 4500
008 180718b-- xxu||||| |||| 00| 0 eng d
082 _aA81x54 91/3/PT3B/B
100 _aCensus of India 1991
245 _aArunachal Pradesh: economic tables
260 _aDelhi
_bThe Controller of Publications
_c--
300 _a-v-
440 _aCensus of India 1991. Series-3, Arunachal Pradesh. Part 3B-B series
500 _aContents: v.1. 2000. 839+p. Tables B-2 (F), B-3(F), B-6(F), B-7(F), B-8(F), B-9(F), B-12(F), B-13(i), B-13(ii), B-14(F);v.2. 2002. 455+p. Tables B-15(i)(F), B-15(ii)(F), B-16(F), B-17(F), B-18(F), B-19(F) and B-20(F);v.3. 2001. 583+p. Tables B-21(F) Part A & B, B-22(F), B-23(F), B-24(F)
650 _aArunachal Pradesh - Economic surveys - Census
999 _c486107
_d486107